000 00973cab a2200229 4500
001 E2256
008 090401t1995 xxu||||| |||| 00| 0 eng d
035 _a(Sirsi) u38445
041 _aeng
245 _aThomson v Thomas Muir (Waste Management) Ltd
260 _c1995
350 _a0
490 _aScots Law Times
_v1995 SLT 403-407(5)
520 _aOuter House. Lord Sutherland. 30 June 1994. Contract - implied term - leases - lease of land for use as tip on payment of fixed rent together with share of receipts in excess of fixed figure - tenant allowing others to use tip free of charge of for a nominal payment - whether necessary to imply term that tenant would operate tip in good faith as commercial venture - whether implied term sufficiently specific.
650 _aIMPLIED TERMS
650 _aLEASES
650 _aTIPS
650 _aWASTE DISPOSAL
690 _aLANDLORD AND TENANT-CASE LAW-BUSINESS TENANCIES
942 _n0
948 _c04/03/1997
999 _c24708
_d24708